Hombre versus naturaleza: ciclo de conferencias Gifford 1937-1938: Edimburgo
Enregistré dans:
| Auteur principal: | |
|---|---|
| Format: | Livre |
| Langue: | espagnol |
| Publié: |
Barcelona
Tusquets
1984
|
| Collection: | Cuadernos Infimos, 117. Serie Metatemas, 5
|
| Sujets: | |
| Tags: |
Ajouter un tag
Pas de tags, Soyez le premier à ajouter un tag!
|
MARC
| LEADER | 00000nam a2200000 a 4500 | ||
|---|---|---|---|
| 001 | UCW8455 | ||
| 003 | CL-VaPUC | ||
| 008 | 880909e19840000SP |||||||||||||||||spa|d | ||
| 082 | 0 | 4 | |a 501 |b SHE |2 21 |
| 100 | 0 | |a Sherrington, Charles Scott |e author |9 313627 | |
| 245 | 1 | 0 | |a Hombre versus naturaleza: ciclo de conferencias Gifford 1937-1938: Edimburgo |
| 300 | |a 342 p | ||
| 942 | |c BK | ||
| 945 | |d 19880909 00:00:00 | ||
| 260 | |a Barcelona |b Tusquets |c 1984 | ||
| 650 | 0 | |a Filosofía de la naturaleza |9 265899 | |
| 583 | |a last modification |c 19880909 00:00:00 |k Rodrigo Vera | ||
| 490 | 0 | |a Cuadernos Infimos, 117. Serie Metatemas, 5 | |
| 999 | |c 220819 |d 220817 | ||
| 952 | |0 0 |1 0 |4 0 |6 501_000000000000000_SHE_1984 |7 0 |8 A |9 213525 |a BIBHIS |b BIBHIS |d 2019-11-15 |i 281871K |o 501 SHE 1984 |p 281871K |r 2025-01-20 |w 2019-11-15 |y BK |k HIS | ||
| 952 | |0 0 |1 0 |4 0 |6 501_000000000000000_SHE_1984 |7 0 |8 A |9 213526 |a BIBTEO |b BIBTEO |d 2019-11-15 |i 2818728 |o 501 SHE 1984 |p 2818728 |r 2025-01-17 |w 2019-11-15 |y BK |k ICR | ||
| 952 | |0 0 |1 0 |4 0 |6 501_000000000000000_SHE_1984 |7 0 |8 A |9 213527 |a BIBART |b BIBART |d 2019-11-15 |i 3212688 |o 501 SHE 1984 |p 3212688 |r 2025-03-13 |w 2019-11-15 |y BK |k ART | ||